| 000 | 01383nam a22002777a 4500 | ||
|---|---|---|---|
| 001 | 1919 | ||
| 003 | FISKH | ||
| 005 | 20231018123011.0 | ||
| 008 | 231010b cb ||||| |||| 00| 0 khr d | ||
| 020 | _a9789995053994 | ||
| 040 |
_aFISKH _beng _cFISKH _dFISKH |
||
| 082 | _a636.4 | ||
| 100 |
_aKunthy, Mot _d1981- |
||
| 245 |
_aកូនជ្រូកចង់ហើរ / _cអ្នកនិពន្ធ : លោកស្រី មុត គន្ធី ; វិចិត្រករ : លោក យួម កុសល |
||
| 260 |
_aPhnom Penh : _bRoom to read, _c2011. |
||
| 300 |
_a10 pages : _bcolor illustrations ; _c26 cm |
||
| 505 | _aI | ||
| 520 | _aកូនជ្រូកឃើញមេអំបៅកំពុងហើរលេងយ៉ាងសប្បាយ។ វាក៏ចង់ហើរដូចមេអំបៅដែរ។ មេអំបៅបានប្រាប់កូនជ្រូកឳ្យរៀនហើរ។ | ||
| 520 | _aThe piglets saw the butterflies flying and playing happily. It also wants to fly like a butterfly. The butterfly told the piglet to learn to fly. | ||
| 521 | 8 |
_a450
_bLexile estimate |
|
| 521 | 8 |
_aI
_bRaz-Plus |
|
| 650 |
_aកូនជ្រូក _vហោះ _xមេអំបៅ |
||
| 650 |
_aPiggy _vFly _xButterfly |
||
| 700 |
_aKosal, Youm _d1982- _eillustrator |
||
| 942 |
_2ddc _cKHB _n0 |
||
| 999 |
_c1919 _d1919 |
||